Nombres dans les noms de Groupes Musicaux - Statistiques

Statistiques générales
  • Ce quiz a été pris 271 fois
  • Le résultat moyen est 9 sur 20
Statistiques - réponses
Groupe % Correct
Jackson {5}
99%
U{2}
99%
{One}Republic
80%
{Twenty} {One} Pilots
73%
Sum {41}
55%
Eiffel {65}
54%
{4} Non Blondes
52%
{3} Doors Down
51%
{Nine} Inch Nails
50%
UB{40}
50%
Blink-{182}
45%
{Thirty} Seconds to Mars
42%
{10}cc
27%
The B-{52}'s
24%
M{83}
19%
Level {42}
14%
Finger {Eleven}
12%
Matchbox {20}
9%
{13} Engines
8%
Fever {333}
2%
Aucun quiz correspondant
Distribution des résultats
% des personnes avec chaque résultat
Percentile par nombre de réponses
Votre historique - résultats
Vous n’avez pas pris ce quiz